[Event "XVI Festival A"]
[Site "Porto San Giorgio ITA"]
[Date "2004.08.24"]
[Round "4"]
[White "Farago, Ivan"]
[Black "Bruno, Fabio"]
[Result "1-0"]
[WhiteElo "2472"]
[BlackElo "2341"]
[PlyCount "79"]
[EventDate "2004.08.21"]

1. d4 d5 2. c4 c6 3. Nf3 Nf6 4. Nc3 e6 5. Bg5 dxc4 6. e4 b5 7. a4 Qb6 8. Bxf6
gxf6 9. Be2 Bb7 10. O-O a6 11. d5 Nd7 12. Nd4 cxd5 13. exd5 Bc5 14. dxe6 fxe6
15. Bf3 Bxd4 16. Bxb7 Rd8 17. a5 Qxb7 18. Qxd4 Rg8 19. f3 Ne5 20. Qb6 Qc6 21.
Ne4 Ke7 22. Qe3 Rg6 23. Nxf6 Kxf6 24. Qf4+ Ke7 25. Qxe5 Qd5 26. Qe1 Qd2 27.
Qh4+ Qg5 28. Qxh7+ Rg7 29. Qh3 Rd2 30. g3 Rxb2 31. Rae1 Qc5+ 32. Kh1 Qd5 33.
Qh6 Rf7 34. Qh4+ Kd7 35. Qg4 Rh7 36. h4 Re7 37. Qf4 Qd2 38. Rd1 c3 39. Rxd2+
Rxd2 40. Qb4 1-0

[Event "XVI Festival A"]
[Site "Porto San Giorgio ITA"]
[Date "2004.08.24"]
[Round "4"]
[White "Faraoni, Enrico"]
[Black "Stromboli, Carlo"]
[Result "1-0"]
[WhiteElo "2178"]
[BlackElo "2020"]
[PlyCount "175"]
[EventDate "2004.08.21"]

1. e4 c5 2. Nf3 Nc6 3. d4 cxd4 4. Nxd4 e5 5. Nb3 Nf6 6. Nc3 Bb4 7. Bd3 d5 8.
exd5 Nxd5 9. O-O Nxc3 10. bxc3 Bxc3 11. Ba3 Bb4 12. Bxb4 Nxb4 13. Bb5+ Bd7 14.
Qd6 Nc6 15. Rad1 Qe7 16. Qc7 a6 17. Ba4 b5 18. Nc5 Rc8 19. Qb6 Bf5 20. Nb7 O-O
21. Nd6 bxa4 22. Nxf5 Qc7 23. Qxa6 g6 24. Ne3 Nd4 25. Qf6 Rfe8 26. c4 Re6 27.
Qh4 f5 28. Rfe1 Kg7 29. Rxd4 Qe7 30. Qxe7+ Rxe7 31. Nd5 Rb7 32. Rdd1 Rxc4 33.
Rxe5 Rc2 34. f4 Rxa2 35. Re7+ Rxe7 36. Nxe7 Kf7 37. Nc6 Ke6 38. Ne5 g5 39. Nd3
h6 40. Nc5+ Kf7 41. h3 Rc2 42. Nxa4 Ke6 43. Re1+ Kf6 44. Nb6 gxf4 45. Nd7+ Kg5
46. Ne5 Kh4 47. Kh2 Ra2 48. Nf3+ Kh5 49. Kg1 Rb2 50. Kf1 Ra2 51. Re2 Ra3 52.
Kf2 Ra5 53. Rd2 Ra3 54. Rd4 Ra2+ 55. Kg1 Ra1+ 56. Kh2 Ra5 57. Rxf4 Kg6 58. Kg3
Ra3 59. Kh4 Ra2 60. g3 Ra5 61. Nd4 Ra4 62. Nc2 Ra5 63. Ne3 Re5 64. Nxf5 h5 65.
Nd4 Kh6 66. Nc2 Rd5 67. Nb4 Rd6 68. Re4 Kg6 69. Nc2 Kf5 70. Rf4+ Kg6 71. Nd4
Rd5 72. Re4 Ra5 73. Ne2 Ra7 74. Nf4+ Kf5 75. Rb4 Kf6 76. Rb6+ Kg7 77. Nxh5+ Kh7
78. g4 Ra3 79. Ng3 Kg8 80. Rb7 Kh8 81. Nf5 Rc3 82. Kg5 Rc6 83. h4 Ra6 84. h5
Rc6 85. h6 Re6 86. Nh4 Kg8 87. Ng6 Re7 88. Nxe7+ 1-0

[Event "XVI Festival A"]
[Site "Porto San Giorgio ITA"]
[Date "2004.08.24"]
[Round "4"]
[White "Frugoli, Francesco"]
[Black "Raineri, Valerio"]
[Result "1-0"]
[WhiteElo "2034"]
[BlackElo "2197"]
[PlyCount "45"]
[EventDate "2004.08.21"]

1. e4 e5 2. Nf3 Nc6 3. Bc4 Bc5 4. b4 Bxb4 5. c3 Bd6 6. d4 Qf6 7. O-O h6 8. Na3
a6 9. Kh1 Nge7 10. Nc2 Ng6 11. Ne3 O-O 12. Nd5 Qd8 13. Bb3 Be7 14. Nxe5 Ngxe5
15. dxe5 Nxe5 16. f4 Nc6 17. f5 Bf6 18. Qg4 Na5 19. Qg3 Kh7 20. Bf4 d6 21. Rad1
c6 22. Nxf6+ Qxf6 23. Rxd6 1-0

[Event "XVI Festival A"]
[Site "Porto San Giorgio ITA"]
[Date "2004.08.24"]
[Round "4"]
[White "Fulvi, Fulvio"]
[Black "Del Monaco, Andrea"]
[Result "1/2-1/2"]
[WhiteElo "2086"]
[BlackElo "2208"]
[PlyCount "55"]
[EventDate "2004.08.21"]

1. d4 Nf6 2. c4 e6 3. Bg5 c5 4. d5 exd5 5. cxd5 h6 6. Bxf6 Qxf6 7. Nc3 d6 8. e3
g6 9. Nf3 Bg7 10. Be2 O-O 11. O-O a6 12. a4 Nd7 13. Qd2 g5 14. Ne1 Qe7 15. f4
Re8 16. Rf3 gxf4 17. exf4 Bd4+ 18. Kh1 f5 19. Rg3+ Kh8 20. Bh5 Rg8 21. Rxg8+
Kxg8 22. Nc2 Qh4 23. g4 fxg4 24. Bxg4 Qxg4 25. Nxd4 cxd4 26. Rg1 Qxg1+ 27. Kxg1
dxc3 28. Qxc3 1/2-1/2

[Event "XVI Festival A"]
[Site "Porto San Giorgio ITA"]
[Date "2004.08.24"]
[Round "4"]
[White "Guastadini, Paolo"]
[Black "Rovedi, Mauro"]
[Result "0-1"]
[WhiteElo "2131"]
[BlackElo "1957"]
[PlyCount "30"]
[EventDate "2004.08.21"]

1. Nf3 Nf6 2. c4 c5 3. Nc3 Nc6 4. g3 g6 5. Bg2 Bg7 6. a3 O-O 7. Rb1 d5 8. cxd5
Nxd5 9. Nxd5 Qxd5 10. d3 c4 11. O-O cxd3 12. Be3 Rd8 13. Nd4 dxe2 14. Qxe2 Nxd4
15. Qd2 Nf3+ 0-1

[Event "XVI Festival A"]
[Site "Porto San Giorgio ITA"]
[Date "2004.08.24"]
[Round "4"]
[White "Horvath, Peter"]
[Black "Tomescu, Vlad"]
[Result "1-0"]
[WhiteElo "2503"]
[BlackElo "2397"]
[PlyCount "53"]
[EventDate "2004.08.21"]

1. d4 d5 2. c4 Bf5 3. cxd5 Bxb1 4. Qa4+ c6 5. Rxb1 Qxd5 6. Nf3 Nd7 7. a3 Ngf6
8. e3 Qe4 9. Ra1 e5 10. Qb3 exd4 11. Bc4 O-O-O 12. O-O Nc5 13. Qa2 Ne6 14. exd4
Nd5 15. Re1 Qg6 16. Ne5 Qf6 17. Be3 Nec7 18. Rac1 Be7 19. b4 a6 20. Qb3 Rhe8
21. Bd2 Bd6 22. Bxd5 cxd5 23. Qh3+ Qe6 24. Nxf7 Qxh3 25. Nxd6+ Kb8 26. Nxe8 Qf5
27. Nxc7 1-0

[Event "XVI Festival A"]
[Site "Porto San Giorgio ITA"]
[Date "2004.08.24"]
[Round "4"]
[White "Jones, Gawain C.B."]
[Black "Cioara, Andrei Nestor"]
[Result "1-0"]
[WhiteElo "2453"]
[BlackElo "2373"]
[PlyCount "71"]
[EventDate "2004.08.21"]

1. e4 e6 2. d4 d5 3. Nd2 Nf6 4. e5 Nfd7 5. Bd3 c5 6. c3 Nc6 7. Ne2 cxd4 8. cxd4
f6 9. exf6 Qxf6 10. Nf3 h6 11. O-O Bd6 12. Ng3 O-O 13. Bc2 Rd8 14. Re1 Nf8 15.
Ne5 Qh4 16. Nf3 Qf6 17. Ne5 Qh4 18. f4 Bxe5 19. dxe5 b6 20. Nh5 Bd7 21. Re3 Be8
22. Nf6+ gxf6 23. Rh3 Qxh3 24. gxh3 f5 25. Bd2 Rd7 26. Ba4 Rg7+ 27. Kf2 Ng6 28.
Rc1 Rc8 29. Bxc6 Bxc6 30. Qb3 Kh7 31. Rg1 Bb7 32. h4 Rc4 33. h5 Ne7 34. Rxg7+
Kxg7 35. Qa3 Rc7 36. Qd6 1-0

[Event "XVI Festival A"]
[Site "Porto San Giorgio ITA"]
[Date "2004.08.24"]
[Round "4"]
[White "Mrdja, Milan"]
[Black "Friedrich, Norbert"]
[Result "1-0"]
[WhiteElo "2432"]
[BlackElo "2319"]
[PlyCount "61"]
[EventDate "2004.08.21"]

1. e4 c5 2. Nf3 e6 3. d4 cxd4 4. Nxd4 a6 5. c4 Nf6 6. Nc3 Qc7 7. a3 b6 8. Be3
Bb7 9. f3 d6 10. Rc1 Nbd7 11. Be2 Be7 12. g4 h6 13. h4 Rc8 14. Kf2 Qd8 15. g5
Nh7 16. Qg1 Nhf8 17. Qg3 g6 18. Rhe1 hxg5 19. hxg5 Rc5 20. Nd5 exd5 21. exd5 b5
22. cxb5 Rxd5 23. Nc6 Bxc6 24. bxc6 Nc5 25. c7 Qc8 26. b4 Nd3+ 27. Kg1 Ne6 28.
Rc3 Nxe1 29. Bxa6 Rd1 30. Bxc8 Nxf3+ 31. Kf2 1-0

[Event "XVI Festival A"]
[Site "Porto San Giorgio ITA"]
[Date "2004.08.24"]
[Round "4"]
[White "Rigo, Janos"]
[Black "Rotoni, Matteo"]
[Result "0-1"]
[WhiteElo "2314"]
[BlackElo "2101"]
[PlyCount "69"]
[EventDate "2004.08.21"]

1. e4 e6 2. d4 d5 3. Nc3 Bb4 4. e5 c5 5. a3 Bxc3+ 6. bxc3 Ne7 7. Nf3 Qc7 8. Bd3
b6 9. a4 Ba6 10. O-O Bxd3 11. cxd3 Nbc6 12. Ba3 cxd4 13. Bd6 Qd7 14. c4 dxc4
15. dxc4 O-O 16. Ng5 f6 17. exf6 gxf6 18. Bxe7 Qxe7 19. Nf3 e5 20. Nh4 f5 21.
Qh5 Qf7 22. Qh6 Qf6 23. Qh5 e4 24. Rab1 d3 25. Rb5 Nd4 26. Rd5 Ne2+ 27. Kh1 Nf4
28. Qxf5 Nxd5 29. Qxd5+ Kh8 30. Qxe4 Rad8 31. Nf3 d2 32. Qc2 Qg6 33. Qb2+ Qg7
34. Qc2 Rxf3 35. gxf3 0-1

[Event "XVI Festival A"]
[Site "Porto San Giorgio ITA"]
[Date "2004.08.24"]
[Round "4"]
[White "Rinaudo, Sergio"]
[Black "Cocchi, Andrea"]
[Result "1/2-1/2"]
[WhiteElo "2097"]
[BlackElo "2295"]
[PlyCount "61"]
[EventDate "2004.08.21"]

1. d4 e6 2. Nf3 c5 3. e3 Nf6 4. Bd3 b6 5. Nbd2 Bb7 6. b3 Be7 7. Bb2 cxd4 8.
exd4 Nd5 9. Be4 f5 10. Bxd5 Bxd5 11. Ne5 O-O 12. O-O Bb7 13. c4 Na6 14. Rc1 Bg5
15. Ba3 d6 16. Nd3 Qd7 17. f4 Bf6 18. Bb2 Nc7 19. Nf3 b5 20. c5 Bxf3 21. Qxf3
Nd5 22. Rfe1 Rac8 23. Re2 Ne7 24. Qe3 Nc6 25. Qxe6+ Qxe6 26. Rxe6 Bxd4+ 27. Kf1
Bxb2 28. Nxb2 dxc5 29. Rxc5 Nd4 30. Ree5 a6 31. Nd3 1/2-1/2

[Event "XVI Festival A"]
[Site "Porto San Giorgio ITA"]
[Date "2004.08.24"]
[Round "4"]
[White "Sabia, Corrado"]
[Black "Fioravanti, Diego"]
[Result "1-0"]
[WhiteElo "2150"]
[BlackElo "1997"]
[PlyCount "43"]
[EventDate "2004.08.21"]

1. e4 d6 2. d4 Nf6 3. Nc3 g6 4. Be3 Bg7 5. Qd2 c6 6. Bh6 Bxh6 7. Qxh6 Qb6 8.
O-O-O Qa5 9. Nf3 Ng4 10. Qh4 b5 11. e5 b4 12. exd6 g5 13. Nxg5 bxc3 14. Nxf7
cxb2+ 15. Kb1 Kxf7 16. Qxe7+ Kg6 17. Bd3+ Kh6 18. h3 Ne5 19. Qh4+ Kg7 20. Qg5+
Kf7 21. dxe5 Qc5 22. e6+ 1-0

[Event "XVI Festival A"]
[Site "Porto San Giorgio ITA"]
[Date "2004.08.24"]
[Round "4"]
[White "Stromboli, Ettore"]
[Black "Collutiis, Duilio"]
[Result "0-1"]
[WhiteElo "2116"]
[BlackElo "2387"]
[PlyCount "84"]
[EventDate "2004.08.21"]

1. e4 c5 2. Nf3 Nc6 3. d4 cxd4 4. Nxd4 Qc7 5. Nc3 e6 6. g3 a6 7. Bg2 d6 8. O-O
Bd7 9. Nb3 b5 10. f4 Nf6 11. Be3 Rc8 12. Kh1 Be7 13. Rc1 Rb8 14. Ne2 Na5 15.
Nxa5 Qxa5 16. a3 Bc6 17. Qd4 O-O 18. b4 Qc7 19. c4 Qb7 20. Nc3 Ng4 21. Bg1 Bf6
22. Qd3 bxc4 23. Qe2 Bxc3 24. Rxc3 Nf6 25. e5 Bxg2+ 26. Qxg2 Ne4 27. Rcc1 d5
28. f5 exf5 29. Rxf5 Qd7 30. Rf4 f6 31. Rxe4 dxe4 32. exf6 Qe6 33. fxg7 Rf3 34.
Re1 Qd5 35. Bc5 Re8 36. Be3 c3 37. Qc2 Qd3 38. Qa4 Rc8 39. Qb3+ Qc4 40. Qd1 c2
41. Qc1 Rd8 42. Bf4 Rd1 0-1

[Event "XVI Festival A"]
[Site "Porto San Giorgio ITA"]
[Date "2004.08.24"]
[Round "4"]
[White "Tomini, Marco"]
[Black "Trent, Lawrence"]
[Result "0-1"]
[WhiteElo "2118"]
[BlackElo "2400"]
[PlyCount "70"]
[EventDate "2004.08.21"]

1. d4 Nf6 2. c4 g6 3. Nc3 Bg7 4. e4 d6 5. Nf3 O-O 6. Be2 e5 7. O-O Na6 8. d5
Nc5 9. Qc2 a5 10. a3 a4 11. Be3 Nfd7 12. Nd2 f5 13. f4 exf4 14. Rxf4 Bh6 15.
Rf3 Bxe3+ 16. Rxe3 f4 17. Rf3 Ne5 18. Rf2 c6 19. Raf1 Qb6 20. Kh1 g5 21. h3 Qc7
22. Nf3 Qg7 23. Qd1 Nxf3 24. Bxf3 Qe5 25. Qc2 Bd7 26. Rd1 Rf6 27. Qd2 Nb3 28.
Qd3 c5 29. Rdf1 Nd4 30. Bd1 g4 31. hxg4 Raf8 32. g3 f3 33. Kh2 Bxg4 34. Nb5 Ne2
35. Bxe2 fxe2 0-1

[Event "XVI Festival A"]
[Site "Porto San Giorgio ITA"]
[Date "2004.08.24"]
[Round "4"]
[White "Vigile, Matteo"]
[Black "Hoelzl, Franz"]
[Result "0-1"]
[WhiteElo "2109"]
[BlackElo "2373"]
[PlyCount "100"]
[EventDate "2004.08.21"]

1. e4 c5 2. c3 e6 3. Bd3 d5 4. Qe2 Nf6 5. e5 Nfd7 6. Nf3 Nc6 7. O-O Qc7 8. Re1
Be7 9. Bc2 g5 10. d4 g4 11. Ng5 Bxg5 12. Bxg5 Rg8 13. Be3 h5 14. Na3 a6 15. f4
cxd4 16. cxd4 Qb6 17. Qd3 Nf8 18. Qb3 Qxb3 19. Bxb3 Ng6 20. g3 Nge7 21. Rad1
Bd7 22. Nb1 Rc8 23. Nc3 Na5 24. Na4 Bxa4 25. Bxa4+ b5 26. Bb3 Kd7 27. Bd2 Nac6
28. Be3 Nf5 29. Re2 Rc7 30. Bc2 Nxe3 31. Rxe3 Nxd4 32. Bh7 Rg7 33. Rxd4 Rxh7
34. Ra3 Rc6 35. f5 Kc7 36. fxe6 fxe6 37. Rf4 Kb6 38. Rf6 Rhc7 39. Rd3 Rc1+ 40.
Kf2 R7c2+ 41. Ke3 Re1+ 42. Kf4 Rf2+ 43. Kg5 Rxe5+ 44. Kg6 Rxf6+ 45. Kxf6 Re2
46. b4 a5 47. a3 axb4 48. axb4 Re4 49. Rb3 d4 50. Rd3 Kc6 0-1

[Event "XVI Festival A"]
[Site "Porto San Giorgio ITA"]
[Date "2004.08.25"]
[Round "5"]
[White "Andreolini, Mauro"]
[Black "Aleksic, Nenad"]
[Result "0-1"]
[WhiteElo "1898"]
[BlackElo "2395"]
[PlyCount "84"]
[EventDate "2004.08.21"]

1. d4 Nf6 2. Nf3 b6 3. e3 Bb7 4. Bd3 e6 5. O-O c5 6. Nbd2 Be7 7. c4 O-O 8. b3
cxd4 9. exd4 Nc6 10. Bb2 d5 11. Rc1 Rc8 12. Qe2 Re8 13. Rfe1 Bf8 14. Bb1 g6 15.
Ne5 Bh6 16. Nxc6 Bxc6 17. Rcd1 Bb7 18. Nf3 Bg7 19. Bd3 Nh5 20. Qe3 Rc7 21. cxd5
Qxd5 22. Bc4 Qf5 23. Bd3 Qa5 24. a3 Nf6 25. b4 Qd5 26. Rc1 Rec8 27. Rxc7 Rxc7
28. Rc1 Rd7 29. Bc4 Qh5 30. Rd1 Nd5 31. Bxd5 Qxd5 32. Rd2 h6 33. h3 Rc7 34. Qd3
Rd7 35. Qe3 Kh7 36. Qd3 Bf6 37. Rd1 Kg7 38. Re1 Rd8 39. Qe3 Kh7 40. Qf4 Kg7 41.
Qe3 Rc8 42. Rc1 Bg5 0-1

[Event "XVI Festival A"]
[Site "Porto San Giorgio ITA"]
[Date "2004.08.25"]
[Round "5"]
[White "Bruno, Fabio"]
[Black "Calandri, Fausto"]
[Result "1-0"]
[WhiteElo "2341"]
[BlackElo "2113"]
[PlyCount "61"]
[EventDate "2004.08.21"]

1. d4 e6 2. Nf3 Nf6 3. e3 b6 4. Bd3 Bb7 5. Nbd2 c5 6. O-O Be7 7. b3 O-O 8. Bb2
Nc6 9. a3 cxd4 10. exd4 Rc8 11. Re1 d5 12. Ng5 Bd6 13. g3 Re8 14. f4 Rc7 15.
Qf3 Bf8 16. Rad1 g6 17. c3 Qc8 18. Qe2 Bg7 19. Rc1 Nd7 20. f5 Nxd4 21. cxd4
Bxd4+ 22. Bxd4 Rxc1 23. fxe6 fxe6 24. Rxc1 Qxc1+ 25. Kg2 e5 26. Nxh7 e4 27. Ng5
Rc8 28. Kh3 Rf8 29. Ndxe4 Nc5 30. Nf6+ Rxf6 31. Qe8+ 1-0

[Event "XVI Festival A"]
[Site "Porto San Giorgio ITA"]
[Date "2004.08.25"]
[Round "5"]
[White "Cioara, Andrei Nestor"]
[Black "Del Dotto, Riccardo"]
[Result "1/2-1/2"]
[WhiteElo "2373"]
[BlackElo "2127"]
[PlyCount "60"]
[EventDate "2004.08.21"]

1. d4 d5 2. c4 c6 3. Nf3 Nf6 4. Nc3 a6 5. c5 Nbd7 6. Bf4 Nh5 7. e3 Nxf4 8. exf4
g6 9. Bd3 Bg7 10. O-O O-O 11. Qd2 b6 12. cxb6 Qxb6 13. Ne2 c5 14. b3 cxd4 15.
Rac1 a5 16. Rfe1 Nc5 17. Nexd4 Nxd3 18. Qxd3 Ba6 19. Qe3 e6 20. Ne5 Rfc8 21.
Ndc6 Qxe3 22. fxe3 Bf8 23. Nd7 Bb4 24. Red1 Be2 25. Nb6 Bxd1 26. Nxa8 Kg7 27.
Kf2 Ba3 28. Nb6 Rc7 29. Na8 Rc8 30. Nb6 Rc7 1/2-1/2

[Event "XVI Festival A"]
[Site "Porto San Giorgio ITA"]
[Date "2004.08.25"]
[Round "5"]
[White "Cocchi, Andrea"]
[Black "Melotti, Dario"]
[Result "1-0"]
[WhiteElo "2295"]
[BlackElo "2082"]
[PlyCount "73"]
[EventDate "2004.08.21"]

1. e4 c5 2. Nf3 d6 3. Bc4 e6 4. O-O a6 5. Re1 Be7 6. Bf1 Nc6 7. c3 d5 8. e5 g5
9. d4 g4 10. Nfd2 h5 11. dxc5 Bxc5 12. Nb3 Ba7 13. Na3 Nge7 14. Bg5 Rg8 15. Bf6
b5 16. Nc2 Qb6 17. Qd2 Nf5 18. Bd3 h4 19. Bxf5 g3 20. Nbd4 gxf2+ 21. Qxf2 exf5
22. Qxh4 Be6 23. Kh1 Kd7 24. h3 Rae8 25. Re3 f4 26. Qxf4 Rg6 27. Rg3 Reg8 28.
Rxg6 Rxg6 29. Rd1 Nxd4 30. Nxd4 Rg8 31. Rf1 b4 32. Nxe6 bxc3 33. bxc3 Qxe6 34.
Bh4 Ke8 35. Qa4+ Kf8 36. Qb4+ Kg7 37. Bf6+ 1-0

[Event "XVI Festival A"]
[Site "Porto San Giorgio ITA"]
[Date "2004.08.25"]
[Round "5"]
[White "Collutiis, Duilio"]
[Black "Frugoli, Francesco"]
[Result "1-0"]
[WhiteElo "2387"]
[BlackElo "2034"]
[PlyCount "77"]
[EventDate "2004.08.21"]

1. e4 e5 2. Nf3 Nc6 3. Bb5 Nf6 4. O-O Nxe4 5. d4 exd4 6. Re1 d5 7. Nxd4 Bd6 8.
Nxc6 Bxh2+ 9. Kh1 Qh4 10. Rxe4+ dxe4 11. Qd8+ Qxd8 12. Nxd8+ Kxd8 13. Kxh2 c6
14. Bc4 Ke7 15. Nc3 Bf5 16. Bf4 Rhe8 17. a4 Rad8 18. Bg5+ f6 19. Be3 b6 20. a5
b5 21. Bc5+ Kd7 22. Nxb5 cxb5 23. Bxb5+ Kc8 24. Bxe8 Rxe8 25. Bxa7 Kb7 26. Be3
Ka6 27. c4 Rc8 28. b3 Be6 29. Bb6 f5 30. Rd1 Rc6 31. Rd8 Bc8 32. Rg8 f4 33.
Rxg7 Bb7 34. Rxh7 Rc8 35. b4 Rxc4 36. b5+ Kxb5 37. Rxb7 Rc8 38. Be3+ Kxa5 39.
Bxf4 1-0

[Event "XVI Festival A"]
[Site "Porto San Giorgio ITA"]
[Date "2004.08.25"]
[Round "5"]
[White "Czebe, Attila"]
[Black "Bontempi, Piero"]
[Result "1/2-1/2"]
[WhiteElo "2479"]
[BlackElo "2325"]
[PlyCount "146"]
[EventDate "2004.08.21"]

1. d4 d5 2. c4 Bf5 3. Qb3 e5 4. cxd5 exd4 5. Nf3 Bc5 6. Qc4 Qe7 7. Nxd4 Bxb1 8.
Rxb1 Qe4 9. Qxc5 Qxb1 10. e3 Nd7 11. Qc4 Nb6 12. Qxc7 Rc8 13. Bb5+ Kf8 14. Qd6+
Ne7 15. O-O Qe4 16. Bd2 Qxd5 17. Qa3 a6 18. Be2 Nc4 19. Bxc4 Rxc4 20. Bb4 Rc7
21. Ba5 Rc8 22. Bc3 Qd7 23. e4 Kg8 24. Qb3 h5 25. Rd1 Qc7 26. Nf3 Nc6 27. Rd5
Qe7 28. Rg5 Rh7 29. h4 b5 30. Qd5 b4 31. Bd2 Rh6 32. Nd4 Nxd4 33. Qxd4 Qf6 34.
Qxb4 Qd6 35. Qxd6 Rxd6 36. Bc3 g6 37. f3 Kh7 38. Re5 Rcd8 39. Kf2 R8d7 40. Ke3
Re6 41. Rc5 f6 42. a4 Rd1 43. Kf4 Rg1 44. g3 Rc1 45. Rc7+ Kg8 46. Rd7 Rc2 47.
a5 Rc1 48. Ke3 Rg1 49. Rb7 Rd1 50. Ke2 Rd8 51. Rb4 Kf7 52. Rc4 Red6 53. Rc5
R8d7 54. Ke3 Rd3+ 55. Ke2 R3d6 56. Ke3 Rd3+ 57. Kf4 Rd1 58. Rc4 Ke6 59. Bb4 Rb7
60. Bc3 Rbd7 61. Rc8 Rd8 62. Rc6+ R8d6 63. Rc5 Kf7 64. e5 fxe5+ 65. Bxe5 Re6
66. Kg5 Rd3 67. Rc7+ Kg8 68. Bf6 Rxf3 69. Rg7+ Kf8 70. Rxg6 Kf7 71. Rg7+ Kf8
72. Rg6 Kf7 73. Rg7+ Kf8 1/2-1/2

[Event "XVI Festival A"]
[Site "Porto San Giorgio ITA"]
[Date "2004.08.25"]
[Round "5"]
[White "Del Monaco, Andrea"]
[Black "Bastarelli, Giuseppe"]
[Result "1/2-1/2"]
[WhiteElo "2208"]
[BlackElo "1999"]
[PlyCount "92"]
[EventDate "2004.08.21"]

1. e4 e6 2. d4 d5 3. e5 c5 4. Nf3 Nc6 5. Bd3 Nh6 6. O-O f6 7. Re1 cxd4 8. Bb5
Nf7 9. Nxd4 Bd7 10. exf6 Qxf6 11. Nxe6 Bxe6 12. Qxd5 Nfd8 13. Bc4 Kf7 14. Qb5
Nd4 15. Qd7+ Be7 16. Bg5 Qxg5 17. Qxd4 Re8 18. Nc3 Bf6 19. Ne4 Bxd4 20. Nxg5+
Kf6 21. Ne4+ Ke7 22. Rad1 Bxc4 23. Nd6+ Kxd6 24. Rxe8 Kc5 25. b4+ Kb5 26. a4+
Kxa4 27. Rxd4 Nc6 28. Rxa8 Nxd4 29. Rxa7+ Ba6 30. Ra8 Nxc2 31. Rg8 g6 32. Rg7
b6 33. Rxh7 Bd3 34. f4 Kxb4 35. Kf2 b5 36. g4 Kc3 37. Rc7+ Kd4 38. h4 Ne3 39.
Rd7+ Nd5 40. f5 gxf5 41. g5 f4 42. h5 b4 43. h6 b3 44. h7 Bxh7 45. Rxh7 b2 46.
Rb7 Kc3 1/2-1/2

[Event "XVI Festival A"]
[Site "Porto San Giorgio ITA"]
[Date "2004.08.25"]
[Round "5"]
[White "Fioravanti, Diego"]
[Black "Stromboli, Ettore"]
[Result "1/2-1/2"]
[WhiteElo "1997"]
[BlackElo "2116"]
[PlyCount "137"]
[EventDate "2004.08.21"]

1. e4 e6 2. d4 d5 3. Nd2 c5 4. c3 Nc6 5. Ngf3 cxd4 6. cxd4 Qb6 7. exd5 exd5 8.
Bd3 Nf6 9. O-O Be7 10. Re1 O-O 11. h3 Bd6 12. Nf1 Nb4 13. Bb1 h6 14. Ne3 Bf4
15. Ng4 Bxc1 16. Nxf6+ Qxf6 17. Qxc1 Nc6 18. Qc2 g6 19. Qd2 Kg7 20. Ne5 Re8 21.
Nxc6 Qxc6 22. Rxe8 Qxe8 23. Bc2 Be6 24. Bb3 Qb5 25. Rc1 Re8 26. Rc5 Qd7 27. Qc1
Qd6 28. Rc7 Qb4 29. Qc3 Qb5 30. Rc5 Qd7 31. Qg3 Re7 32. Kh2 b6 33. Rc3 Bf5 34.
Re3 Be6 35. Qe5+ f6 36. Qg3 Bf7 37. Rc3 Qf5 38. Rf3 Qd7 39. Qf4 Qc6 40. Re3 Qc1
41. Qf3 Rd7 42. Ba4 Rc7 43. Be8 Qxb2 44. Qf4 Qc2 45. Qd6 Bxe8 46. Rxe8 Rf7 47.
Re7 Qc8 48. Rxf7+ Kxf7 49. Qxd5+ Ke7 50. Qe4+ Kf7 51. g3 Qd7 52. h4 h5 53. d5
Qf5 54. Qd4 Ke7 55. a4 Kd6 56. f4 Qc2+ 57. Kh3 Qb1 58. Qxf6+ Kxd5 59. Kg2 Qe4+
60. Kh2 Qe2+ 61. Kg1 Qd1+ 62. Kg2 Qc2+ 63. Kg1 Qc6 64. Qf7+ Ke4 65. Qa2 Kf5 66.
Kf2 Qc5+ 67. Kg2 Qc6+ 68. Kf2 Qc5+ 69. Kg2 1/2-1/2

[Event "XVI Festival A"]
[Site "Porto San Giorgio ITA"]
[Date "2004.08.25"]
[Round "5"]
[White "Friedrich, Norbert"]
[Black "Rinaudo, Sergio"]
[Result "1-0"]
[WhiteElo "2319"]
[BlackElo "2097"]
[PlyCount "63"]
[EventDate "2004.08.21"]

1. e4 e5 2. Nf3 Nf6 3. Nxe5 d6 4. Nf3 Nxe4 5. Nc3 Nf6 6. d4 d5 7. Ne5 Bf5 8.
Bd3 Bxd3 9. Qxd3 c6 10. O-O Be7 11. Bg5 O-O 12. Rae1 h6 13. Bh4 Nbd7 14. Qf5
Nxe5 15. Rxe5 Bd6 16. Bxf6 Qxf6 17. Qxf6 gxf6 18. Re2 Rfe8 19. Rfe1 Kf8 20. Nd1
Rxe2 21. Rxe2 Re8 22. Rxe8+ Kxe8 23. Ne3 Kd7 24. Nf5 Bf4 25. g4 Bc1 26. b3 c5
27. Kg2 a6 28. Kg3 cxd4 29. f4 h5 30. gxh5 Ke8 31. h6 Kf8 32. h7 1-0

[Event "XVI Festival A"]
[Site "Porto San Giorgio ITA"]
[Date "2004.08.25"]
[Round "5"]
[White "Jones, Gawain C.B."]
[Black "Horvath, Peter"]
[Result "1/2-1/2"]
[WhiteElo "2453"]
[BlackElo "2503"]
[PlyCount "100"]
[EventDate "2004.08.21"]

1. e4 c5 2. Nf3 e6 3. b3 d6 4. Bb2 Nf6 5. e5 dxe5 6. Nxe5 Be7 7. Bb5+ Nbd7 8.
O-O a6 9. Bxd7+ Bxd7 10. Qf3 Qc7 11. Nxd7 Qxd7 12. d3 O-O 13. Nd2 Nd5 14. Nc4
Rad8 15. Rfe1 Bf6 16. Ne5 Bxe5 17. Rxe5 f6 18. Re4 Nb4 19. Rc4 Qe7 20. Qe2 Rfe8
21. Re4 Nc6 22. Re1 Rd6 23. Qh5 e5 24. f4 Re6 25. f5 Rd6 26. Rh4 h6 27. Qg4 Kf8
28. Re3 Qf7 29. Rg3 Re7 30. Ba3 Rd4 31. Qh3 b6 32. c3 Rxh4 33. Qxh4 Qd5 34. Re3
Kg8 35. Qg4 Rd7 36. Bc1 Kf8 37. Rf3 e4 38. Qxe4 Qxe4 39. dxe4 Ne5 40. Rf1 Rd3
41. Bf4 Rxc3 42. Bxe5 fxe5 43. Rd1 b5 44. Rd5 c4 45. bxc4 Rxc4 46. Rxe5 Ra4 47.
Re6 Rxa2 48. Rb6 Re2 49. Rxa6 Rxe4 50. Rb6 Re5 1/2-1/2

[Event "XVI Festival A"]
[Site "Porto San Giorgio ITA"]
[Date "2004.08.25"]
[Round "5"]
[White "Kohlweyer, Bernd"]
[Black "Sabia, Corrado"]
[Result "1-0"]
[WhiteElo "2411"]
[BlackElo "2150"]
[PlyCount "57"]
[EventDate "2004.08.21"]

1. e4 c5 2. Nf3 e6 3. Nc3 a6 4. d4 cxd4 5. Nxd4 Qc7 6. Bd3 Nf6 7. O-O Be7 8.
Kh1 d6 9. f4 b5 10. a3 Bb7 11. Qe1 Nc6 12. Nf3 b4 13. Ne2 d5 14. e5 Ne4 15. Ng3
Nc5 16. Nh5 g6 17. Nf6+ Bxf6 18. exf6 Nxd3 19. cxd3 a5 20. f5 gxf5 21. Bh6 d4
22. Rc1 Qd6 23. Qh4 Qd5 24. Bg7 Rg8 25. Qxh7 Kd7 26. Qh5 Ke8 27. Rfe1 Rd8 28.
Rc2 b3 29. Rce2 1-0

[Event "XVI Festival A"]
[Site "Porto San Giorgio ITA"]
[Date "2004.08.25"]
[Round "5"]
[White "Kolbus, Dietmar"]
[Black "Fulvi, Fulvio"]
[Result "1-0"]
[WhiteElo "2303"]
[BlackElo "2086"]
[PlyCount "87"]
[EventDate "2004.08.21"]

1. c4 Nf6 2. Nc3 g6 3. e4 d6 4. d4 Bg7 5. Bd3 O-O 6. Nge2 Nc6 7. f3 a6 8. Be3
Rb8 9. a3 Ne8 10. b4 e5 11. d5 Nd4 12. O-O f5 13. Bb1 Nxe2+ 14. Qxe2 f4 15. Ba7
Ra8 16. Bf2 g5 17. h3 h5 18. Rd1 Nf6 19. Kf1 g4 20. hxg4 hxg4 21. Ke1 Nh5 22.
Kd2 Ng3 23. Qe1 Qg5 24. Bd3 Bd7 25. Be2 Kf7 26. Bxg3 fxg3+ 27. Kc2 gxf3 28.
Bxf3 Rh8 29. Rd3 Bf6 30. Kb3 Rh2 31. Ne2 Rg8 32. Nxg3 Ke7 33. Nf1 Rh1 34. Qe2
Bg4 35. Ra2 Bxf3 36. gxf3 Qf4 37. Ne3 Rgg1 38. c5 Re1 39. cxd6+ cxd6 40. Nf5+
Kd7 41. Qf2 Qc1 42. Rc3 Qd1+ 43. Rcc2 Rh8 44. Qb6 1-0

[Event "XVI Festival A"]
[Site "Porto San Giorgio ITA"]
[Date "2004.08.25"]
[Round "5"]
[White "Lalic, Bogdan"]
[Black "Mrdja, Milan"]
[Result "1/2-1/2"]
[WhiteElo "2527"]
[BlackElo "2432"]
[PlyCount "53"]
[EventDate "2004.08.21"]

1. d4 g6 2. c4 Bg7 3. e4 c5 4. d5 d6 5. Nc3 Nf6 6. Bd3 O-O 7. h3 e6 8. Nf3 exd5
9. cxd5 b6 10. O-O Ba6 11. Bf4 Ne8 12. Bxa6 Nxa6 13. Re1 f6 14. a3 Nb8 15. b4
Nd7 16. bxc5 bxc5 17. Rb1 Rf7 18. Qa4 h6 19. Qc2 Nb6 20. Bg3 g5 21. Nh2 f5 22.
exf5 Qf6 23. Nb5 Qxf5 24. Qxf5 Rxf5 25. Rxe8+ Rxe8 26. Nxd6 Ref8 27. Nxf5
1/2-1/2

[Event "XVI Festival A"]
[Site "Porto San Giorgio ITA"]
[Date "2004.08.25"]
[Round "5"]
[White "Manganelli, Gianpaolo"]
[Black "Ruggeri, Pietro"]
[Result "1/2-1/2"]
[WhiteElo "2035"]
[BlackElo "2133"]
[PlyCount "25"]
[EventDate "2004.08.21"]

1. b3 c5 2. Bb2 d5 3. e3 Nf6 4. f4 Nc6 5. Nf3 g6 6. Bb5 Bg7 7. O-O O-O 8. Bxc6
bxc6 9. Ne5 Qc7 10. d3 Rd8 11. Nd2 a5 12. a4 Rb8 13. Qc1 1/2-1/2